| 000 | 00800cab a2200241 4500 | ||
|---|---|---|---|
| 001 | WB3301-60 | ||
| 008 | 090401t1996 xxu||||| |||| 00| 0 eng d | ||
| 035 | _a(Sirsi) u13195 | ||
| 041 | _aeng | ||
| 245 | _aStatistics of planning applications | ||
| 260 | _c1996 | ||
| 350 | _a0 | ||
| 490 |
_aDOE Information Bulletin _v(570) 20 December 1996 (29) |
||
| 520 | _aIn 3Q 1996, district planning authorities in England received 120,000 applications for planning permission and other related consents, 5% more than in the corresponding period in 1995. | ||
| 650 | _aPLANNING APPLICATIONS | ||
| 650 | _aPLANNING AUTHORITIES | ||
| 650 | _aPLANNING CONSENTS | ||
| 650 | _aPLANNING PERMISSION | ||
| 650 | _aSTATISTICS | ||
| 690 | _aPLANNING LAW AND PRACTICE | ||
| 942 | _n0 | ||
| 948 | _c04/03/1997 | ||
| 999 |
_c8492 _d8492 |
||